Movies By Lego Quiz Stats

Quiz Updated Jan 25, 2017

Challenge
Share
Tweet
Score 0/20 Timer 05:00
24 Plays Today
% Correct
Harry Potter and the Chamber of Secrets
97.4%
Dr. No
80%
Ghostbusters
75.5%
The Matrix
75.3%
Psycho
70.3%
I Am Legend
68.9%
The Ring
64.6%
The Iron Giant
61.1%
Jurassic Park
52.7%
Honey, I Shrunk the Kids
44.7%
% Correct
Back to the Future
44.7%
The Good, the Bad, and the Ugly
44.2%
'Crocodile' Dundee
38.7%
Alien
27%
Napoleon Dynamite
26.4%
2001: A Space Odyssey
25.5%
Die Hard
20.3%
Leon: The Professional
19%
Monty Python and the Holy Grail
18.2%
Modern Times
11.4%

You're not logged in!

Compare scores with friends on all Sporcle quizzes.
Sign Up with Email
OR
Log In

You Might Also Like...

Show Comments

Extras

Top Quizzes Today


Score Distribution

Your Account Isn't Verified!

In order to create a playlist on Sporcle, you need to verify the email address you used during registration. Go to your Sporcle Settings to finish the process.